Flammability and sensitivity of materials in oxygen-enriched atmospheres : (Record no. 16664)

000 -LEADER
fixed length control field 00755nam a2200193 a 4500
040 ## - CATALOGING SOURCE
Transcribing agency DLC
082 ## - DEWEY DECIMAL CLASSIFICATION NUMBER
Classification number 944 AME 1983 A113 Or.
245 00 - TITLE STATEMENT
Title Flammability and sensitivity of materials in oxygen-enriched atmospheres :
Remainder of title a symposium /
260 ## - PUBLICATION, DISTRIBUTION, ETC. (IMPRINT)
Place of publication Philadelphia, Pa. (1916 Race St., Philadelphia 19103) :
Name of publisher American Society for Testing and Materials,
Year of publication c1983-c1986
300 ## - PHYSICAL DESCRIPTION
Number of Pages 2 v. :
Other physical details ill. ;
Dimensions 24 cm
490 1# - SERIES STATEMENT
Series statement ASTM special technical publication ;
500 ## - GENERAL NOTE
General note Vol. 2: Michael A. Benning, editor
650 #0 - SUBJECT ADDED ENTRY--TOPICAL TERM
Topical Term Materials
650 #0 - SUBJECT ADDED ENTRY--TOPICAL TERM
Topical Term Oxygen index of materials
700 10 - ADDED ENTRY--PERSONAL NAME
Personal name Werley, B. L.
700 10 - ADDED ENTRY--PERSONAL NAME
Personal name Benning, Michael A
710 20 - ADDED ENTRY--CORPORATE NAME
Corporate name or jurisdiction name as entry element ASTM Committee G-4 on Compatibility and Sensitivity of Materials in Oxygen-Enriched Atmospheres
942 ## - ADDED ENTRY ELEMENTS (KOHA)
Koha item type សៀវភៅភាសាអង់គ្លេស
952 ## - LOCATION AND ITEM INFORMATION (KOHA)
Withdrawn status [LOCAL, KOHA] 0
Holdings
Permanent Location Date acquired Koha item type Lost status Shelving location Barcode Current Location Full call number
Library Block A2018-03-21សៀវភៅភាសាអង់គ្លេស A008A13537Library Block A628 AME 1983 A008 Or.
មជ្ឈមណ្ឌលឯការនៃសាកលវិទ្យាល័យភូមិន្ទកសិកម្មចំការដូង

Powered by Koha